000 00971nam a2200301 i 4500
003 EG-GICUC
005 20260416201127.0
008 260416s1935 pl ||||fr|||| 00| 0 fre d
040 _aEG-GiCUC
_bfre
_cEG-GiCUC
_dEG-GiCUC
_erda
082 0 4 _221
_a341.3
_bCO
092 0 4 _221
099 _aLaw1 11 341.3 CO 1935
245 0 0 _aConférence Sur L'enseignement Du Droit International Et Des Relations Internationales.
_c
264 1 _aLwów :
_bInstitut De Droit Constitutionnel Et De Droit International Université Jean-casimir,
_c1935.
300 _a218pages :
_billustrations,
_c24 cm
_eCD.
336 _2rda content
_atext
337 _2rda media
_aComputer
338 _2rda carrier
_aOnline Resource
500 _a
502 _a
504 _a
546 _aTexte en français
650 1 4 _aDroit international public
_2
651 1 _2
856 4 0 _uhttps://fll.law.cu.edu.eg/fulltext/bks/B11-09310.pdf
905 _a50
942 _2ddc
_cBK
_e21
_n0
999 _c71519
_d71519